| 000 | 00656nam a22001937i 4500 | ||
|---|---|---|---|
| 999 |
_c23189 _d23189 |
||
| 003 | AR-CdUCM | ||
| 008 | 250122b20232023 pe||||| |||| 00| 0 spa d | ||
| 040 |
_aMUNICIPALIDAD PROVINCIAL DEL CUSCO _cBIBLIOTECA MUNICIPAL DEL CUSCO |
||
| 041 | _hspa | ||
| 082 |
_a869.56 / R73 _bR73 |
||
| 100 |
_aRodas Benites, Favio _950953 |
||
| 245 |
_aEn el ocaso de la vida : _bSiempre hay algo que decir / |
||
| 260 |
_aLima : _c2023 _bAutor-Editor |
||
| 300 |
_a60 páginas. : _c21x17 cm. |
||
| 505 | _aApurado -- Ilusión -- Dolor Incomprendido -- Cuando dos cuerpos se unen -- Paloma mía | ||
| 650 |
_a _950954 |
||
| 942 |
_2ddc _cLIBROS |
||
| 945 |
_apbjr _d22-01-2025 |
||